| Tag |
First Indicator |
Second Indicator |
Subfields |
| LEADER |
00000cam a2200000Ia 4500 |
| 001 |
in00004601913 |
| 006 |
m o d |
| 007 |
cr cnu---unuuu |
| 008 |
090226s2009 maua ob 001 0 eng d |
| 005 |
20221121162547.1 |
| 035 |
|
|
|a (MaCbMITP)8177
|
| 040 |
|
|
|a OCoLC-P
|b eng
|e pn
|c OCoLC-P
|
| 020 |
|
|
|a 9780262255172
|q (electronic bk.)
|
| 020 |
|
|
|a 0262255170
|q (electronic bk.)
|
| 020 |
|
|
|a 9780262261227
|q (electronic bk.)
|
| 020 |
|
|
|a 0262261227
|q (electronic bk.)
|
| 020 |
|
|
|a 1282240137
|
| 020 |
|
|
|a 9781282240131
|
| 020 |
|
|
|z 9780262012737
|q (hard cover ;
|q alk. paper)
|
| 020 |
|
|
|z 0262012731
|q (hard cover ;
|q alk. paper)
|
| 035 |
|
|
|a (OCoLC)310962428
|z (OCoLC)432428912
|z (OCoLC)646788358
|z (OCoLC)804676510
|z (OCoLC)816316139
|z (OCoLC)961489168
|z (OCoLC)962644382
|z (OCoLC)966201652
|z (OCoLC)988494175
|z (OCoLC)991953897
|z (OCoLC)991994050
|z (OCoLC)1037524472
|z (OCoLC)1037941480
|z (OCoLC)1038642355
|z (OCoLC)1045478027
|z (OCoLC)1083553281
|
| 035 |
|
|
|a (OCoLC-P)310962428
|
| 050 |
|
4 |
|a B808.9
|b .T943 2009eb
|
| 072 |
|
7 |
|a PSY
|x 023000
|2 bisacsh
|
| 072 |
|
7 |
|a PHI
|x 015000
|2 bisacsh
|
| 082 |
0 |
4 |
|a 126
|2 23
|
| 100 |
1 |
|
|a Tye, Michael.
|
| 245 |
1 |
0 |
|a Consciousness revisited :
|b materialism without phenomenal concepts /
|c Michael Tye.
|
| 260 |
|
|
|a Cambridge, Mass. :
|b MIT Press,
|c ©2009.
|
| 300 |
|
|
|a 1 online resource (xiv, 229 pages) :
|b illustrations.
|
| 336 |
|
|
|a text
|b txt
|2 rdacontent
|
| 337 |
|
|
|a computer
|b c
|2 rdamedia
|
| 338 |
|
|
|a online resource
|b cr
|2 rdacarrier
|
| 490 |
1 |
|
|a Representation and mind
|
| 500 |
|
|
|a "A Bradford book."
|
| 520 |
8 |
|
|a We are material beings in a material world, but we are also beings who have experiences and feelings. How can these subjective states be just a matter of matter? This book looks at this question and much more.
|
| 588 |
|
|
|a OCLC-licensed vendor bibliographic record.
|
| 650 |
|
0 |
|a Consciousness.
|
| 650 |
|
0 |
|a Phenomenology.
|
| 650 |
|
0 |
|a Materialism.
|
| 653 |
|
|
|a PHILOSOPHY/Philosophy of Mind/General
|
| 653 |
|
|
|a COGNITIVE SCIENCES/General
|
| 655 |
|
7 |
|a Electronic books.
|2 local
|
| 856 |
4 |
0 |
|u http://proxy.library.tamu.edu/login?url=https://doi.org/10.7551/mitpress/9780262012737.001.0001?locatt=mode:legacy
|z Connect to the full text of this electronic book
|t 0
|
| 955 |
|
|
|a MIT D2O ebooks
|
| 999 |
f |
f |
|s 8a31a2c2-b4cb-4418-9dd6-3d4ba1b68269
|i 18d58e36-b4a0-4ffe-a713-c192281db2f3
|t 0
|
| 952 |
f |
f |
|a Texas A&M University
|b College Station
|c Electronic Resources
|d Available Online
|t 0
|e B808.9 .T943 2009eb
|h Library of Congress classification
|
| 998 |
f |
f |
|a B808.9 .T943 2009eb
|t 0
|l Available Online
|